| 000 | 00979nam a2200229 u 4500 | ||
|---|---|---|---|
| 001 | 000754721 | ||
| 003 | AM-YeHGA | ||
| 005 | 20250617143641.0 | ||
| 008 | 100806s1985 ||| r 000 0 rus d | ||
| 040 | _aAM-YeHGA | ||
| 041 | 1 |
_arus _hbul |
|
| 100 | 1 | _aЙорданов, Любомир | |
| 245 | 1 | 0 |
_aКрасный экселенц : _bПовесть о Б. Стомонякове / _cЛюбомир Йорданов; Пер. с болг. А.М. Коренькова; Под ред. М.А. Бирмана. |
| 260 |
_aМосква : _bПрогресс, _c1985. |
||
| 300 | _a244 с. | ||
| 500 | _aПеревод изд.: Червеният екселенц / Любомир Йорданов (София, 1978) | ||
| 600 | 1 | 4 | _aСтомоняков, Борис Спиридонович |
| 650 | 1 | 4 | _aКПСС - История - Биографии |
| 700 | 1 |
_aБирман, М.А. _eред. _4edt |
|
| 700 | 1 |
_aКореньков, А.М. _eпер. _4trl |
|
| 090 | _c280767 | ||
| 999 |
_c279115 _d279115 |
||